| Tag |
First Indicator |
Second Indicator |
Subfields |
| LEADER |
00000cam a2200000 a 4500 |
| 001 |
in00000009058 |
| 005 |
20151007051452.0 |
| 008 |
860815s1987 enk b 00110 eng |
| 010 |
|
|
|a 86021968
|
| 020 |
|
|
|a 0710096429 (pbk.) :
|c £6.95
|
| 035 |
|
|
|a (OCoLC)14166872
|
| 035 |
|
|
|9 AAA3131AM
|
| 040 |
|
|
|a DLC
|c DLC
|d TXA
|d UtOrBLW
|
| 043 |
|
|
|a e-uk---
|
| 049 |
|
|
|a TXAM
|c [A12619600]
|
| 050 |
0 |
0 |
|a PR888.S65
|b D46 1987
|
| 082 |
0 |
|
|a 823/.0872/09
|2 19
|
| 100 |
1 |
|
|a Denning, Michael.
|
| 245 |
1 |
0 |
|a Cover stories :
|b narrative and ideology in the British spy thriller /
|c Michael Denning.
|
| 264 |
|
1 |
|a London ;
|a New York, NY :
|b Routledge & K. Paul,
|c 1987.
|
| 300 |
|
|
|a x, 168 pages ;
|c 22 cm.
|
| 336 |
|
|
|a text
|b txt
|2 rdacontent
|
| 337 |
|
|
|a unmediated
|b n
|2 rdamedia
|
| 338 |
|
|
|a volume
|b nc
|2 rdacarrier
|
| 490 |
1 |
|
|a Popular fiction series
|
| 504 |
|
|
|a Bibliography: pages [154]-164.
|
| 500 |
|
|
|a Includes index.
|
| 650 |
|
0 |
|a Spy stories, English
|x History and criticism.
|
| 650 |
|
0 |
|a English fiction
|y 20th century
|x History and criticism.
|
| 650 |
|
0 |
|a Politics in literature.
|
| 650 |
|
0 |
|a Great Britain in literature.
|
| 650 |
|
0 |
|a Narration (Rhetoric)
|
| 830 |
|
0 |
|a Popular fiction series.
|
| 999 |
|
|
|a MARS
|
| 999 |
f |
f |
|s 2245e1fa-4eac-3d8d-a7bb-6c093967c741
|i e7ba158d-f473-3d44-a840-5659e4320838
|t 0
|
| 952 |
f |
f |
|p normal
|a Texas A&M University
|b College Station
|c Sterling C. Evans Library
|d Evans: Library Stacks
|t 0
|e PR888.S65 D46 1987
|h Library of Congress classification
|i unmediated -- volume
|m A14812619600
|
| 998 |
f |
f |
|a PR888.S65 D46 1987
|t 0
|l Evans: Library Stacks
|